000 00253nam a2200109Ia 4500
999 _c6402
_d6402
020 _a978-1861002617
100 _aChiarelli, Andrea
245 0 _aProfessional Active Server Pages 3.0
260 _aIndia
_bMcGraw-Hill
_c1999
300 _a1276
942 _cBK